000 00733nam a22002177a 4500
003 UA-OsUOA
001 53608
007 ta
008 20080411b un ||||| |||| 00| 0 ukr d
100 _aКазакевич Г.М.
090 _a902
_bК-12
942 _cSA
040 _aUA-OsUOA
_bukr
_cUA-OsUOA
_dUA-OsUOA
245 _aКельти за межами "кельтського світу": моделі етнокультурної взаємодії на периферії латенської культури
300 _aС.87-97
955 _a0
041 _aukr
080 _a902
773 0 _w53605
_tАрхеологія
_dК.
_d2007
_g4
650 7 _a9 Географія. Біографії. Історія
_2UDC
999 _c339694
_d339694